Boom : mad money, mega dealers and the rise of contemporary art

Bibliographic Details
Main Author: Shnayerson, Michael
Format: Book
Published: New York : PublicAffairs , 2019
Subjects:

MARC

LEADER 00000cam a2200000 7i4500
001 0000242585
005 20200609203846.0
020 |a 9781610398404 
090 0 0 |a 701.03   |b SHN 
100 1 |a Shnayerson, Michael 
245 1 0 |a Boom :   |b mad money, mega dealers and the rise of contemporary art   |c Michael Shnayerson 
260 |a New York :   |b PublicAffairs ,   |c 2019 
300 |a 450p. ;   |c 24cm. 
650 0 |a Art and society   |x History   |y 21st century 
650 0 |a Art   |x Economy aspects   |x History   |y 21st century 
650 0 |a Art   |x Marketing   |x History   |y 21st century 
999 |a 00380815   |b BUKU   |c PINJAMAN   |e PERPUSTAKAAN KOMUNITI PETALING JAYA